| 000 | 00354nam a22001217a 4500 | ||
|---|---|---|---|
| 020 | _a978-969-35-3321-7 | ||
| 040 | _cCL | ||
| 100 |
_aDr. Muhammad Khawar Nawazish _9127797 |
||
| 245 | _aUrdu aur Hindi: Wahdat/Sanviat /اردو اور ہندی وحدت ثنو | ||
| 260 |
_aLahore _bSang-e-Meel Publications _c2020 |
||
| 300 | _a480p. | ||
| 942 |
_2ddc _cBK |
||
| 999 |
_c612806 _d612806 |
||